000 00675nam a2200301Ia 4500
005 20260401122227.0
008 008 250103s9999 xx 000 0 eng d
020 _a8175361735
037 _aTB
040 _aEDL
040 _beng
040 _cEDL
041 _2eng
041 _aeng
084 _a954.0254 FOS
084 _qEDL
100 _aFoster C.I.E, William
_91232960
245 0 _aEarly Travels in India 1583-1619
245 0 _cFoster C.I.E, William
260 _aNew Delhi
260 _bLow Price
260 _c1999
300 _a351p
942 _cTB
942 _h954.0254 FOS
999 _c1845784
_d1845784